01797agaaa2200361 45000010005000000030009000050050017000140070009000310080040000400400023000800410013001031000060001161300031001762400026002072450185002332460019004182500022004372600098004593000033005575080095005905110015006855200101007005380016008015460013008176500063008307000062008937000074009557000064010297000072010939420012011659990019011779520239011967279IT-RoPAU20220918181226.0d cvaizq50131s9999||||xx ||| | || ||und|| aIT-RoPAUcIT-RoPAU aITALIANO aReitherman WolfganggCodice regista SPICS: 23295938059 aCARICA DEI 101 (LA)938060 a101 DALMATTANSgT2969 aCARICA DEI 101 (LA)cSceneggiatura: Tratto Dal Libro La Carica Dei 101 Di Dodie Smith -- Diretto da: Reitherman WolfgangpCARICA DEI 101 (LA) (Rif. Codice opera principale : D7279) a101 DALMATTANS aEdizione Standard aMILANO (STATI UNITI)bWALT DISNEY COMPANY / g"1996 (1° ed.: 1996 ; Ed. Lingua Orig.: 1981)" aVHSbsonoro, col.c76 minuti a"Musica: Bruns George; Sceneggiatura: Tratto Dal Libro La Carica Dei 101 Di Dodie Smith; " aAnimazione a101 ADORABILI CUCCIOLI SGUINZAGLIATI IN UNA IRRESISTIBILE CORSA. CLASSICO D'ANIMAZIONE A COLORI. aPAL, STEREO aITALIANO aANIMAZIONEeFILMS [VHS]xCodice MATERIA SPICS: 9960938061 aBruns Georgee(musica)gCodice Musica SPICS: 14099938062 aLuske Hamiltone(regista)gCodice secondo regista SPICS: 29528938063 aPeet Bill e(soggetto)gCodice Soggetto SPICS: 26927938064 aReitherman Wolfgang e(regista)gCodice regista SPICS: 23295938065 cVH2ddc c104859d104859 0010406D_7279_00000000000000071aSPICSbSPICSd2015-01-31l0oD7279r2015-01-31 00:00:00w2015-01-31yVHzProgr. Ins.: 685 / N.Vol.:1 / Copie: 1 / Pag.: / Copia rara: n.d. / date import: 1.2.2015 / By Epidotti, Trombetti, Vaglietti